000 02838cam a2200397 4500500
005 20260329011318.0
041 _afre
042 _adc
100 1 0 _aAgudal, Jaouad
_eauthor
700 1 0 _aChakki, Si Mohamed
_eauthor
245 0 0 _aProximité spatiale et distance sociale dans les quartiers de recasement des villes nouvelles marocaines
260 _c2026.
500 _a71
520 _aCet article porte sur la tension entre proximité géographique et distance sociale entre d’anciens habitants des bidonvilles et des cadres de la classe moyenne dans deux nouveaux quartiers urbains marocains, Annasr et Victoria City, situés dans la commune Oulad Salah dans la région de Casablanca-Settat. Il explique comment ces habitants, aux trajectoires et profils sociologiques différents, sont proches spatialement, partageant un même espace physique de vie, mais restent socialement distants les uns des autres. Par une démarche qualitative et des entretiens semi-structurés, nous montrons que les stratégies ségrégatives de distanciation sociale vont de pair avec une idéologie de statut et des hiérarchies sociales et morales utilisées pour justifier les distances instituées.
520 _a‪This article examines the tension between geographical proximity and social distance among former slum residents and middle-class professionals in two newly developed urban neighbourhoods in Morocco, namely Annasr and Victoria City, situated within the Oulad Salah municipality of the Casablanca-Settat region. It elucidates how these residents, with different backgrounds and sociological profiles, coexist spatially, sharing the same physical living space yet remain socially distant from one another. Through a qualitative approach and semi-structured interviews, this study demonstrates that segregative strategies of social distancing are intricately linked to an ideology of status, and social and moral hierarchies, which are used to justify the distances that have been established.‪
690 _aCasablanca Settat
690 _adistance sociale
690 _aidéologie de statut
690 _aMaroc
690 _amentalité hiérarchique
690 _aOulad Salah
690 _aproximité spatiale
690 _aquartiers de recasement
690 _astratégies ségrégatives
690 _aCasablanca-Settat
690 _ahierarchical mentality
690 _aMorocco
690 _aOulad Salah
690 _aphysical proximity
690 _aresettlement neighborhoods
690 _asegregative strategies
690 _asocial distance
690 _astatus ideology
786 0 _nCahiers d'études africaines | - | 1 | 2026-03-11 | p. 73-99 | 0008-0055
856 4 1 _uhttps://shs.cairn.info/revue-cahiers-d-etudes-africaines-2026-1-page-73?lang=fr&redirect-ssocas=7080
999 _c1860490
_d1860490